Atlas y compendio de Dermatología y Venereología / (Record no. 37595)

MARC details
000 -LEADER
campo de control de longitud fija 00802nam a2200217 i 4500
001 - NÚMERO DE CONTROL
campo de control 37595
003 - IDENTIFICADOR DE NÚMERO DE CONTROL
campo de control ES-MaACL
005 - FECHA Y HORA DE LA ÚLTIMA TRANSACCIÓN
campo de control 20250806052059.0
007 - CAMPO FIJO DE DESCRIPCIÓN FÍSICA--INFORMACIÓN GENERAL
campo de control de longitud fija t|
008 - DATOS DE LONGITUD FIJA--INFORMACIÓN GENERAL
campo de control de longitud fija 030221s1966 sp ||||1| spa d
100 1# - ENTRADA PRINCIPAL--NOMBRE DE PERSONA
Nombre de persona Burckhardt, Walther.
9 (RLIN) 32586
245 10 - MENCIÓN DEL TÍTULO
Título Atlas y compendio de Dermatología y Venereología /
Mención de responsabilidad, etc. por W. Burckhardt ; [traducción... Agustín Martínez Muñoz ; revisión y prólogo... José A. Sarró Palau].
260 ## - PUBLICACIÓN, DISTRIBUCIÓN, ETC.
Lugar de publicación, distribución, etc. Barcelona, etc. :
Nombre del editor, distribuidor, etc. Labor,
Fecha de publicación, distribución, etc. 1966.
300 ## - DESCRIPCIÓN FÍSICA
Extensión XVI, 214 p., 55 lám. ;
Dimensiones 24 cm.
650 04 - PUNTO DE ACCESO ADICIONAL DE MATERIA--TÉRMINO DE MATERIA
Término de materia o nombre geográfico como elemento de entrada Piel-
Subdivisión general Enfermedades.
9 (RLIN) 15998
650 #7 - PUNTO DE ACCESO ADICIONAL DE MATERIA--TÉRMINO DE MATERIA
Término de materia o nombre geográfico como elemento de entrada Enfermedades de transmisión sexual
Fuente del encabezamiento o término embne
9 (RLIN) 12260
700 1# - ENTRADA AGREGADA--NOMBRE PERSONAL
Nombre de persona Martínez Muñoz, Agustín.
9 (RLIN) 200078
700 1# - ENTRADA AGREGADA--NOMBRE PERSONAL
Nombre de persona Sarró Palau, José A.
9 (RLIN) 103874
852 ## - LOCALIZACIÓN
Ubicación ES-MaACL
Número de control de estantería C-29239
Sublocalización o colección R.59718
Holdings
Estatus retirado Estado de pérdida Estado de daño No para préstamo Biblioteca de origen Biblioteca actual Ubicación en estantería Fecha de adquisición Fuente de adquisición Total de préstamos Signatura topográfica completa Código de barras Visto por última vez Precio de reemplazo Tipo de ítem Koha
        Biblioteca del Ateneo de Madrid Biblioteca del Ateneo de Madrid Depósito 2 17/01/2008     C-29239 1039576 23/02/2023 23/02/2023 Libro impreso